01526nam a2200445 i 450000100060000000300090000600500170001500800390003201500170007102000150008803500360010303500140013903500210015303500230017404000280019704100080022504600090023308000150024208000120025710000280026924500900029726000670038730000330045433600270048733700540051433800280056838000160059638000270061238500390063938800140067838800140069250400140070665800300072065800430075065500350079365000450082870000400087371000690091385600980098241988KOSZ 00520190806131723.0000314s1999 pl a f f |000 0 pol aPB 2000/6284 a8385809473 a(PL-WaBN)b13530951-48omnis_nlop ab13530951 a(OCoLC)749296731 a(PL)b0000001353095 aWA NcWA NdKOSZ 005/HR0 apol k1999 a005:004.03 a(075.8)1 aKolbusz, Edward.eAutor10aInformatyka w zarządzaniu :bmetody i systemy /cEdward Kolbusz, Antoni Nowakowski. aSzczecin :bWydaw. Zachodniopomorskiej Szkoły Biznesu,c1999. a292, [4] s. :bil. ;c24 cm. 2rdacontentaTekstbtxt 2rdamediaaBez urządzenia pośredniczącegobn 2rdacarrieraWoluminbnc aKsiążki aPublikacje dydaktyczne mPoziom nauczaniaaSzkoły wyższe a1901-2000 a1989-2000 aBibliogr. aZarządzanie i marketing aInformatyka i technologie informacyjne 7aPodręczniki akademickie2DBN 7aSystemy informatyczne zarządzania2DBN1 aNowakowski, Antonid(1944- )eAutor2 aWydawnictwo Zachodniopomorskiej Szkoły Biznesu (Szczecin).4pbl uhttp://koha.tu.koszalin.pl/cgi-bin/koha/opac-detail.pl?biblionumber=41988yKatalog online BPK